Vybrané kapitoly systémové metodologie /

Main Author: Horný, Stanislav, 1955-
Corporate Author: Vysoká škola ekonomická v Praze. Fakulta informatiky a statistiky
Language: Czech
Published: Praha : Vysoká škola ekonomická, 1998
Edition: Vyd. 1.
Physical Description: 130 s. : schémata ; 29 cm
Book
Saved in:
LEADER 01290nam a2200337 a 4500
001 000388262
003 CZ BrMZK
005 20210609064812.0
007 ta
008 980115s1998 xr f cze d
015 |a cnb000657093 
020 |a 80-7079-502-6 
035 |a (OCoLC)42615992 
040 |a BOA001  |b cze 
080 |a 519.8(075.8)  |2 MRF 
080 |a 330.46(075.8)  |2 MRF 
100 1 |a Horný, Stanislav,  |d 1955-  |7 jn20001103516  |4 aut 
245 1 0 |a Vybrané kapitoly systémové metodologie /  |c Stanislav Horný 
250 |a Vyd. 1. 
260 |a Praha :  |b Vysoká škola ekonomická,  |c 1998 
300 |a 130 s. :  |b schémata ;  |c 29 cm 
504 |a Obsahuje bibliografii 
521 8 |a Určeno pro bakalářské studium na VŠE Praha 
653 0 |a systémová analýza  |a systémová metodologie 
710 2 |a Vysoká škola ekonomická v Praze.  |b Fakulta informatiky a statistiky  |7 kn20010709399 
910 |a BOA001  |b 4-1054.613  |b TK-A-0265.130 
920 |a 000428530 
964 |a Analýza systémová  |x metodologie  |x učebnice  |x školy vysoké 
990 |a BK 
996 7 |b 2610084941  |c 4-1054.613  |l MZK  |r Sklad / do 1 hodiny  |n 8  |p p.v.  |w 000388262  |u 000010  |a 1  |e BOA001  |j MZK50  |s A 
996 7 |b 2620014862  |c TK-A-0265.130  |l MZK  |r Sklad / do 24 hodin  |n 13  |p kup  |w 000388262  |u 000020  |a 1  |e BOA001  |j MZK50  |s A